COLLIER'S CONFLICT OF LAWS (Record no. 207758)

MARC details
000 -LEADER
fixed length control field 00477nam a22001817a 4500
008 - FIXED-LENGTH DATA ELEMENTS--GENERAL INFORMATION
fixed length control field 231017b |||||||| |||| 00| 0 eng d
020 ## - INTERNATIONAL STANDARD BOOK NUMBER
International Standard Book Number 9780521735056
050 ## - LIBRARY OF CONGRESS CALL NUMBER
Classification number KD 680 .R64 2013
Item number C.2
100 ## - MAIN ENTRY--PERSONAL NAME
Personal name ROGERSON, PIPPA
245 ## - TITLE STATEMENT
Title COLLIER'S CONFLICT OF LAWS
250 ## - EDITION STATEMENT
Edition statement 4RTH ED.
260 ## - PUBLICATION, DISTRIBUTION, ETC.
Place of publication, distribution, etc. NEW YORK
Name of publisher, distributor, etc. CAMBRIDGE UNIVERSITY PRESS
Date of publication, distribution, etc. 2013
300 ## - PHYSICAL DESCRIPTION
Extent LIX., 454P.
500 ## - GENERAL NOTE
General note INCLUDES INDEX
650 ## - SUBJECT ADDED ENTRY
Topical term or geographic name entry element Conflict of laws
700 ## - ADDED ENTRY--PERSONAL NAME
Personal name TITLE
942 ## - ADDED ENTRY ELEMENTS (KOHA)
Source of classification or shelving scheme Library of Congress Classification
Koha item type Long Loan Book
Holdings
Withdrawn status Lost status Source of classification or shelving scheme Damaged status Not for loan Collection Home library Current library Shelving location Date acquired Inventory number Total checkouts Full call number Barcode Date last seen Copy number Price effective from Koha item type Date last checked out
    Library of Congress Classification     Law Kisii University Library Kisii University Library On Display 10/17/2023 100540   KD 680 .R64 2013 000000003680 10/17/2023 C.2 10/17/2023 Long Loan Book  
    Library of Congress Classification     Law Kisii University Library Kisii University Library On Display 10/17/2023 100541   KD 680 .R64 2013 000000003681 10/17/2023 C.3 10/17/2023 Long Loan Book  
    Library of Congress Classification     Law Kisii University Library Kisii University Library On Display 10/17/2023 100542   KD 680 .R64 2013 000000003682 10/17/2023 C.4 10/17/2023 Long Loan Book  
    Library of Congress Classification     Law Kisii University Library Kisii University Library On Display 10/17/2023 100543   KD 680 .R64 2013 000000003683 10/17/2023 C.5 10/17/2023 Long Loan Book  
    Library of Congress Classification     Law Kisii University Library Kisii University Library On Display 10/17/2023 100539   KD 680 .R64 2013 000000003684 10/17/2023 C.6 10/17/2023 Long Loan Book  
    Library of Congress Classification     Law Kisii University Library Kisii University Library On Display 10/17/2023 095926 1 KD 680 .R64 2013 043107 03/27/2024 C.1 10/17/2023 Long Loan Book 03/06/2024
    Library of Congress Classification     Law Kisii University Library Kisii University Library On Display 02/23/2026 111902   KD 680 .R64 2013 A000649 02/23/2026 7 02/23/2026 Long Loan Book  
    Library of Congress Classification     Law Kisii University Library Kisii University Library On Display 02/23/2026 111903   KD 680 .R64 2013 A000650 02/23/2026 8 02/23/2026 Long Loan Book  
    Library of Congress Classification     Law Kisii University Library Kisii University Library On Display 02/23/2026 111904   KD 680 .R64 2013 A000648 02/23/2026 9 02/23/2026 Long Loan Book